Prix Bohemia 83 5. ročník festivalu pôvodnej českej rozhlasovej hry

Bibliographic Details
Main Author: -po- (Author)
Other Authors: Povodová, Gita (gup), Nosek, J. (gup)
Format: Article
Language:Slovak
Subjects:

MARC

LEADER 00000nab a2200000 a 4500
001 vtls000161177
003 SK-MaSNL
005 20260303073106.0
008 111104c1983 xo 0 slo
015 |a SNBRB19rr/mm-uuuuu 
035 |a CL0171287 
040 |a SNKBUCL  |b slo  |c SNKBUCL  |e AACR2 
041 0 |a slo 
044 |a xo  |c SK 
080 |a 82:7.096  |2 1981 
080 |a 792.2.096  |2 1981 
080 |a 7.096  |2 1981 
080 |a 885.0  |2 1981 
100 1 |a -po-  |4 aut  |9 923700 
245 1 0 |a Prix Bohemia 83  |b 5. ročník festivalu pôvodnej českej rozhlasovej hry  |c -po- ; G. Povodová, J. Nosek 
650 0 7 |a rozhlasové hry  |2 snkbucl  |9 2914 
650 0 7 |a Prix Bohemia 1983  |2 snkbucl  |9 1074149 
655 7 |a články z novín a časopisov  |2 snkbucl  |9 267496 
655 7 |a články z odboru literárna veda a krásna literatúra  |2 snkbucl  |9 770045 
700 1 |a Povodová, Gita  |4 gup  |9 6446 
700 1 |a Nosek, J.  |4 gup  |9 409948 
773 0 |t Rozhlas  |g Č. 41 (1983), s. /12/ 
850 |a Slovenská národná knižnica v Martine  |a MTA001 
852 |a SNK  |b KIS3GCP 
958 |a RK 
958 |a LX 
992 |a RBX 
999 |c 1766360  |d 1768290